BUKU daftar hari Merdeka 1986
| Format: | Book |
|---|---|
| Published: |
Kuala Lumpur :
The New Straits Time ,
1986
|
| Subjects: |
MARC
| LEADER | 00000cam a2200000 7i4500 | ||
|---|---|---|---|
| 001 | 0000001315 | ||
| 005 | 20140413.0 | ||
| 090 | 0 | 0 | |a 394.2684595 |b BUK 1986 |
| 245 | 0 | 0 | |a BUKU daftar hari Merdeka 1986 |
| 260 | 0 | 0 | |a Kuala Lumpur : |b The New Straits Time , |c 1986 |
| 300 | |a 285 p. : |b col. ill. ; |c 33 cm. | ||
| 650 | 0 | 0 | |a Independence Day (Malaysia) |x Pictorial works |
| 651 | 0 | 0 | |a Malaysia |x History |x Pictorial works |
| 998 | |a JPSM | ||
| 999 | |a 0000002181 |b Monograph |c Open Shelf |e Default branch | ||